|
|
|
|
| LEADER |
00000nam a2200000 a 4500 |
| 001 |
vtls010501264 |
| 003 |
SK-MaSNL |
| 005 |
20260301214545.0 |
| 008 |
160430s2012 xo a f 000 0 slo |
| 015 |
|
|
|a SNBA2013/05
|
| 020 |
|
|
|a 9788022824231 (brož.)
|
| 035 |
|
|
|a A3F72F16-D293-4C12-85BF-65AFEC782410
|
| 035 |
|
|
|a urn:nbn:sk:snk-amjn49
|
| 035 |
|
|
|a urn:nbn:sk:snk-am001owj
|
| 040 |
|
|
|a SNK
|b slo
|c SNK
|e AACR2
|
| 041 |
0 |
|
|a slo
|a eng
|b eng
|
| 044 |
|
|
|a xo
|c SK
|
| 072 |
|
7 |
|a 630
|x Lesníctvo
|2 konspekt
|
| 080 |
|
|
|a 630
|2 2001
|
| 080 |
|
|
|a 630.31
|2 2001
|
| 080 |
|
|
|a 581.526.42
|2 2001
|
| 080 |
|
|
|a (048.8)
|2 2001
|
| 245 |
0 |
0 |
|a Využitie lesných hospodárskych celkov pre riešenie problematiky ťažbovej úpravy lesa
|b vedecké štúdie
|c Anton Žihlavník, Ján Bahýľ
|
| 246 |
1 |
1 |
|a Utilization of working-plan area for solution of forest cut regulation
|
| 250 |
|
|
|a 1. vyd.
|
| 260 |
|
|
|a Zvolen
|b Technická univerzita, Lesnícka fakulta
|c 2012
|
| 300 |
|
|
|a 64 s.
|b sch., tab.
|c 25 cm
|
| 366 |
|
|
|e 50 výt.
|
| 504 |
|
|
|a Bibliogr. s. 63-64
|
| 546 |
|
|
|a Text aj v angl. Res. angl.
|
| 630 |
0 |
7 |
|a Žíhlavník, Anton,
|d 1946-
|2 SNK
|9 603114
|
| 650 |
0 |
7 |
|a ťažba dreva
|2 SNKPH
|9 16648
|
| 650 |
0 |
7 |
|a Logging
|2 SNKPHeng
|9 319266
|
| 650 |
0 |
7 |
|a Forest management
|2 SNKPHeng
|9 267353
|
| 650 |
0 |
7 |
|a lesné hospodárstvo
|2 SNKPH
|9 1256
|
| 650 |
0 |
7 |
|a hospodárska úprava lesov
|2 SNKPH
|9 68056
|
| 650 |
0 |
7 |
|a Forest ecosystems
|2 SNKPHeng
|9 270552
|
| 650 |
0 |
7 |
|a lesné ekosystémy
|2 SNKPH
|9 1436
|
| 655 |
|
7 |
|a štúdie
|2 SNKPH
|9 57033
|
| 655 |
|
7 |
|a Studies
|2 SNKPHeng
|9 265573
|
| 700 |
1 |
|
|a Bahýľ, Ján
|4 aut
|9 347096
|
| 852 |
|
|
|a Štátna vedecká knižnica v Banskej Bystrici
|
| 919 |
|
|
|a 978-80-228-2423-1
|
| 958 |
|
|
|a NB
|
| 999 |
|
|
|c 925129
|d 927059
|
| 952 |
|
|
|a SNK
|b SNK
|y PREZ
|7 0
|p 17A1065557
|o snkSC 153844
|i snk2013/7676
|8 0
|0 0
|1 0
|4 0
|d 2013-04-04
|l 0
|r 2025-07-24 00:00:00
|w 2026-02-24
|
| 952 |
|
|
|a SNK
|b SNK
|y VYP
|7 0
|p 17A1065556
|o snkSC 153844 D1
|i snk2013/7677
|8 0
|0 0
|1 0
|4 0
|d 2013-04-04
|f 1
|l 0
|r 2026-02-24 08:29:41
|w 2026-02-24
|